000 00570nam a2200193 a 4500
001 0882
005 20140414131849.0
008 041004s19uu xx 00 eng d
020 _a1-56293-220-9
050 _aM 597.9
_bN23 1992
100 _aNayer, Judy
245 _aReptiles at your fingertips /
_cwritten by Judy Nayer ; illustrated by Grace Goldberg.
260 _aNew York :
_bMcClanahan Book,
_c1992.
300 _a1 v. (unp.) : ill. ; cm.
440 _aAt your fingertips
650 _aReptiles
_xJuvenile literature.
999 _c110094
_d110094